<?xml version="1.0" encoding="UTF-8"?>
<collection xmlns:xsi="http://www.w3.org/2001/XMLSchema-instance" xsi:schemaLocation="http://www.loc.gov/MARC21/slim http://www.loc.gov/standards/marcxml/schema/MARC21slim.xsd" xmlns="http://www.loc.gov/MARC21/slim">
 <record>
  <leader>00000nam a22000004a 4500</leader>
  <controlfield tag="001">UP-8027390931316664833</controlfield>
  <controlfield tag="003">Buklod</controlfield>
  <controlfield tag="005">20251211160931.0</controlfield>
  <controlfield tag="006">m    |o  d |      </controlfield>
  <controlfield tag="007">ta</controlfield>
  <controlfield tag="008">251211u20199999ph ab   rb   f000 m|eng d</controlfield>
  <datafield tag="020" ind1=" " ind2=" ">
   <subfield code="a">9786214320271 ([v. 1])</subfield>
  </datafield>
  <datafield tag="020" ind1=" " ind2=" ">
   <subfield code="a">9789718142561 (v. 2)</subfield>
  </datafield>
  <datafield tag="037" ind1=" " ind2=" ">
   <subfield code="a">BC-72989 ([v. 1])</subfield>
   <subfield code="b">Gift- Priscilla S. Macansantos</subfield>
  </datafield>
  <datafield tag="037" ind1=" " ind2=" ">
   <subfield code="a">BC-72502 (v. 2)</subfield>
   <subfield code="b">Gift- NCCA</subfield>
  </datafield>
  <datafield tag="040" ind1=" " ind2=" ">
   <subfield code="a">DLC, UMich Library</subfield>
   <subfield code="d">BAG</subfield>
   <subfield code="e">rda</subfield>
  </datafield>
  <datafield tag="041" ind1="0" ind2=" ">
   <subfield code="a">eng</subfield>
   <subfield code="a">fil</subfield>
  </datafield>
  <datafield tag="090" ind1=" " ind2="0">
   <subfield code="a">PL 5530.3</subfield>
   <subfield code="b">R43</subfield>
  </datafield>
  <datafield tag="245" ind1="0" ind2="0">
   <subfield code="a">Reading the regions</subfield>
   <subfield code="c">edited by Isidoro M. Cruz.</subfield>
  </datafield>
  <datafield tag="264" ind1=" " ind2="1">
   <subfield code="a">Intramuros, Manila</subfield>
   <subfield code="b">National Commission for Culture and the Arts</subfield>
   <subfield code="b">National Committee on Literary Arts</subfield>
   <subfield code="c">[2019-]</subfield>
  </datafield>
  <datafield tag="300" ind1=" " ind2=" ">
   <subfield code="a">volumes</subfield>
   <subfield code="b">illustrations, maps</subfield>
   <subfield code="c">23 cm</subfield>
  </datafield>
  <datafield tag="336" ind1=" " ind2=" ">
   <subfield code="a">text</subfield>
   <subfield code="2">rdacontent</subfield>
  </datafield>
  <datafield tag="337" ind1=" " ind2=" ">
   <subfield code="a">unmediated</subfield>
   <subfield code="2">rdamedia</subfield>
  </datafield>
  <datafield tag="338" ind1=" " ind2=" ">
   <subfield code="a">volume</subfield>
   <subfield code="2">rdacarrier</subfield>
  </datafield>
  <datafield tag="500" ind1=" " ind2=" ">
   <subfield code="a">Editor of volume 2, Maria Luna Sicat-Cleto.</subfield>
  </datafield>
  <datafield tag="504" ind1=" " ind2=" ">
   <subfield code="a">Includes bibliographical references.</subfield>
  </datafield>
  <datafield tag="505" ind1="0" ind2=" ">
   <subfield code="a">[vol.1].  Teaching Philippine literature from multi-perspectives:  Eastern and Southern Mindanao -- Reading Tuwaang Attends a Wedding of the Obo Manobo / John B. Bengan -- Paano Maaring Basahin ang “Epikong” Berinareu ng mga Teduray? / Jay Jomar F. Quintos -- Northern and Central Mindanao -- Paglala at Pagbasa sa Mito ng Paglalang ng Higaonon / German Villanueva Gervacio -- Western Mindanao -- Paghihimay sa Tulang Chabacanong “Para con mi Anak Mujer” ni Francis C. Macansantos / Darren Bendanillo -- El Conocida del otro (Recognizing the strange): Dismantling self and other in “The Last of the Sama-Sellang” / Floraime O. Pantaleta -- Eastern Visayas -- The Susumaton of Leyte: Poetics, History, and Community / Michael Carlo C. Villas -- Reading Ringginding-Ginding and Lubi-Lubi / Merlie M. Alunan -- Central Visayas -- The Importance of Allowing “Poems” to Speak to Us / Hope Sabanpan-Yu -- K-12 Teaching Module on Maria Victoria Beltran’s “Ang Damgo ni Eleuteria Kirschbaum” / Francis Luis Torres -- K-12 Teaching Module for Ernesto Lariosa’s “Sakdapanay” / Bea Martinez -- Western Visayas -- Reading West Visayan Children’s Literature: Literary Criticism for Children and Young Adults / Isidoro M. Cruz -- Kita Tanan si Tarpolano: Ekokritikal na Pagbasa at Pagturo ng Kanta sa Kinaray-a na “Tarpolano” ni Sammy Rubido / John Iremil Teodoro -- Writing Akeanon Resilience in Melchor F. Cichon’s “Ham-at Madueom ro Gabil, Inay” / John B. Barrios -- Southern Luzon -- Panitikang Pambayan sa Bikol: Tigsik Kontemporanyong Maikling Kuwento sa Bikol, Pagbasa ng “Aurea” ni Marissa Reorizo-Redburn, at Kontemporanyong Tula sa Bikol: Pagbasa ng “Sidok” ni Estelito B. Jacob -- Central Luzon -- Understanding Kapampangan Folk Songs / Julieta C. Mallari — Northern Luzon -- Understanding Cagayan Culture through Narratives / George B. Andal; Carina V. Pelagio; Rosario Patino-Yap; Ethel A. Zinampan -- Cordillera Administrative Region -- A Guide to Reading Works by Three Writers in the Cordillera: Sinai Hamada, Amador Daguio, and Francis C. Macansantos / Monica S. Macansantos -- National Capital Region -- Teaching F.H. Batacan’s Smaller and Smaller Circles as Urban/City Fiction / Joyce L. Arriola -- Teaching Smaller and Smaller Circles as a Catholic Novel / Isaiah F. Garcia -- Teaching Smaller and Smaller Circles as Detective Fiction / Ruth Clare G. Torres -- Pulang Ulap na Lambong tungong Pulang Lupa: Isang Intertextual na Pagbasa sa Kuwento ni Kabesang Tales st Dugo sa Bukangliwayway ni Rogelio Sicat / Maria Luna Sicat-Cleto -- Abadillismo / Victor Emmanuel D. Carmelo Nadera, Jr. -- ‘Pagbabasa’ sa Panahon ng War on Drugs: Ilang Pamamaraan sa Pagbababsa ng “Drug War” ni Norman Wilwayco / Lenin Carlos Mirsol -- Paglingon sa Pinanggalingan, Pagdating sa Paroroonan: Mga Munting Pagmumuni, Isang Mungkahing Pagbasa at Ilang Ehersisyo sa Pagsulat ng Tula / Mark Joseph Rafal -- Pagtingin ss Monumento: Isang Pagbasa sa Monumento ni Ninoy ni U Z. Eliserio / Soliman Agulto Santos. -- vol. 2. Philippine folk and oral traditions: Isang uri ng pagbabahagi mula sa pista ng diwa at kamalayan, reading the regions volume 2 -- Revisiting Philippine folklore / Resil B. Mojares -- Building an anchorage for an emerging national order: Jose Rizal's works on folklore / Vivencio R. Jose -- May tiktik sa bubong / Allan N. Derain -- Ang pag-uulit sa katutubong panitikan / Alvin B. Yapan -- Fiction in the traditional Kankanay society / Dr. Norma N. Lua -- Sinai C. Hamada's animal stories: an ecocritical reading for the anthropocene age / Anna Christie K. Villarba-Torres -- Muling pagmumuni-muni sa penomenolohikal na pananaliksik ng mga kuwentong-bayan at kultura ng Kalinga / Renato C. Vibiesca -- Tropes, topics, and themes as aid in classifying Yogad folk songs / Divina Gracia S. Sabio -- Ang sayaw na Manatbu ng mga Kapampangan / Ariel T. Gutierrez -- Appreciating Ayta folk stories / Dr. Julieta C. Mallari -- Saving Kulakog's privates: reading and teaching Bikol folklore / Paz Verdades M. Santos and Marifa Borja Prado -- Ang 'silip o pasilip' ng distrito supot: isang maikling pananaliksik sa nakaugaliang pagdakila sa bata at nawaglit na distrito sa bayan ng Calauag / Paterno B. Baloloy Jr. -- A name from the other: the case of Mahunig folk etymology / Emmanuel Jayson V. Bolata -- Datu Somangga and Bubu Humaianun: eastern Bisayan epic and pre-hispanic Pangayaw culture / Efmer E. Agustin -- On mythical grounds: locale for lower mythology in selected Samar oralites / Dr. Dominator L. Pagliawan -- The Panay Bukidnon oral traditions: importance and application to education / Elsie &quot;Lamingan&quot; Caballero Padernal and Lord Jane &quot;Lagdungan&quot; Caballero Dordas -- Oral tradition and national identity in postcolonial Philippines / Dr. May Anne Ticao-Jaro -- Ang mga paglalakbay nina Kembeyen, Kenaban, at Henitonsa &quot;Tudbulul Konul&quot;: isang pagkilatis sa awit ng/tungkol kay Tudbulul bilang &quot;epiko ng mga babae&quot; / M.J. Cagumbay Tumamac -- Ang pagtuturo ng epikong Darangen ni prinsipe Bantugen bilang akdang pampanitikan at batis pangkasaysayan / Lualhati Milan Abreu -- Epic-chanting and the figure of Pantaron Manobo &quot;breath&quot; (goynawa) / Myfel D. Paluga and Andrea Malaya M. Ragragio -- The structure of Agusan Manobo folk narratives: the Manobo cognition and worldview / Estrella Y. Dacillo -- Nga guhituhiten din danaw: oral literature of the lakewood Subanens / Niño Jan Pol Velayo-Dosdos -- Some notes on the oral tradition and the novel / Jesus Emmanuel S. Villafuerte -- Folklore sa nobela: mga tala ng isang manunulat / Rogelio Sicat -- Ang Tawak bilang talinghaga ng pagsulat ng nobela sa Pilipinas / Dr. Emmanuel V. Dumlao -- The graphic novel: exploring the kababalaghan as Filipino &quot;gothic&quot; in Budgette Tan's Trese: a book of murder / Sarah Elizabeth N. Allen -- Teaching Philippine indigenous literatures and related cultural categories as memory texts / Joyce L. Arriola -- Si Rizal, ang manok, at kuwentong-bayan / Roland Abinal Macawili -- Amaya and Scarlet Heart Ryeo: toward the possibility of a new direction for the epic / Ma. Beatrice C. Pancho -- The executive council (ExeCon) members 2020-2021 -- Reading the regions 2 editorial staff.  </subfield>
  </datafield>
  <datafield tag="546" ind1=" " ind2=" ">
   <subfield code="a">In English, and some articles in Filipino.</subfield>
  </datafield>
  <datafield tag="650" ind1=" " ind2="0">
   <subfield code="a">Philippine literature</subfield>
   <subfield code="x">Study and teaching.</subfield>
  </datafield>
  <datafield tag="650" ind1=" " ind2="0">
   <subfield code="a">Philippine literature</subfield>
   <subfield code="x">History and criticism.</subfield>
  </datafield>
  <datafield tag="650" ind1=" " ind2="0">
   <subfield code="a">Regionalism in literature.</subfield>
  </datafield>
  <datafield tag="650" ind1=" " ind2="0">
   <subfield code="a">Folklore</subfield>
   <subfield code="z">Philippines.</subfield>
  </datafield>
  <datafield tag="650" ind1=" " ind2="0">
   <subfield code="a">Oral tradition</subfield>
   <subfield code="z">Philippines.</subfield>
  </datafield>
  <datafield tag="650" ind1=" " ind2="0">
   <subfield code="a">Regionalism and the arts</subfield>
   <subfield code="z">Philippines.</subfield>
  </datafield>
  <datafield tag="700" ind1="1" ind2=" ">
   <subfield code="a">Cruz, Isidoro M. </subfield>
   <subfield code="e">editor.</subfield>
  </datafield>
  <datafield tag="700" ind1="1" ind2=" ">
   <subfield code="a">Cleto, Luna Sicat</subfield>
   <subfield code="d">1967-</subfield>
   <subfield code="e">editor.</subfield>
  </datafield>
  <datafield tag="905" ind1=" " ind2=" ">
   <subfield code="a">FI</subfield>
  </datafield>
  <datafield tag="852" ind1="0" ind2=" ">
   <subfield code="a">UPBAG</subfield>
   <subfield code="b">UPBAG-MAIN</subfield>
   <subfield code="h">PL 5530.3</subfield>
   <subfield code="i">R43 2021</subfield>
  </datafield>
  <datafield tag="942" ind1=" " ind2=" ">
   <subfield code="a">Book</subfield>
  </datafield>
 </record>
</collection>
